Vista normal
Vista MARC
- Fischer, Ileana
Entrada Nombre personal
Número de registros utilizados en: 3
001 - NÚMERO DE CONTROL
- campo de control: 3342
003 - IDENTIFICADOR DE NÚMERO DE CONTROL
- campo de control: AR-BaBMM
005 - FECHA Y HORA DE LA ÚLTIMA TRANSACCIÓN
- campo de control: 20230420012125.0
008 - ELEMENTOS DE DATO DE LONGITUD-FIJA
- campo de control de longitud fija: 230420|| aca||aabn | a|a d
040 ## - FUENTE DE CATALOGACIÓN
- Centro catalogador/agencia de origen: AR-BaBMM
- Centro/agencia transcriptor: AR-BaBMM
100 ## - ENCABEZAMIENTO-NOMBRE DE PERSONA
- Nombre de persona: Fischer, Ileana
670 ## - FUENTE DE DATOS ENCONTRADOS
- Cita de la fuente: Work cat.: (AR-BaBMM)150: Fischer, Ileana, comp., De vínculos, subjetividades y malestares contemporáneos / , 2020


